| 000 | 02188cam a2200685 a 4500 | ||
|---|---|---|---|
| 999 | _c56661 | ||
| 001 | 18468760 | ||
| 003 | LIBRIS | ||
| 005 | 20210316130132.0 | ||
| 008 | 151001s2015 fi |||| 000 f|fin| | ||
| 020 | _a9789518515442 | ||
| 041 | 0 | _afin | |
| 042 | _afinb | ||
| 080 |
_a894.541 _x-3 |
||
| 082 | 0 | 4 |
_a894.54134 _223/swe |
| 084 |
_a84.2 _2ykl |
||
| 084 |
_aHub.01 _2kssb/8 |
||
| 100 | 1 |
_aLindstedt, Laura, _ekirjoittaja. |
|
| 245 | 1 | 0 |
_aOneiron : _bfantasia kuolemanjälkeisistä sekunneista / _cLaura Lindstedt |
| 246 | 3 | 0 | _aFantasia kuolemanjälkeisistä sekunneista |
| 260 |
_aHelsinki : _bTeos, _c2015 _e(Juva : _fBookwell) |
||
| 300 |
_a439 s. ; _c22 cm. |
||
| 942 |
_2z _cBOOK |
||